| 000 | 00624nam a2200193Ia 4500 | ||
|---|---|---|---|
| 003 | GCL | ||
| 008 | 140319s9999 xx 000 0 ara d | ||
| 040 |
_aGCL / _cGCL |
||
| 082 | 0 | 4 |
_a315.567 _bا ا |
| 100 | 1 | _aاحمد نجم الدين فليجة | |
| 245 | 1 | 0 |
_aاحوال السكان فى العراق / _cاحمد نجم الدين فليجة |
| 260 |
_a[S.N] : _bمعهد البحوث والدراسات العربية ، _c1970 |
||
| 490 | _a | ||
| 650 | 0 | 4 | _aالعراق |
| 650 | 0 | 4 | _aالسكان |
| 650 | 0 | 4 | _aالبيئة والانسان |
| 650 | 0 | 4 | _aالجغرافيا البشرية |
| 942 |
_2ddc _cBK |
||
| 999 |
_c33190 _d33190 |
||